MARC

LEADER 00000nam0a2200000 4500
001 261193
005 20231101233537.0
035 |a (RuTPU)RU\TPU\book\284169 
090 |a 261193 
100 |a 20140521d1969 k y0rusy50 ca 
101 1 |a rus  |c eng 
102 |a RU 
105 |a a z 001zy 
200 1 |a Импульсивный метод в нейтронной физике  |e пер. с англ.  |f под ред. П. Гриблера ; Э. Хенли 
210 |a Москва  |c Атомиздат  |d 1969 
215 |a 248 с.  |c ил. 
320 |a Библиография в конце глав. 
606 1 |a Нейтронная физика  |2 stltpush  |3 (RuTPU)RU\TPU\subj\45266  |9 64519 
610 1 |a импульсные нейтроны 
610 1 |a спектр 
610 1 |a источники 
610 1 |a электроны 
610 1 |a линейные ускорители 
610 1 |a реакторы 
610 1 |a расчет 
610 1 |a синтетические методы 
675 |a 539.125.5  |v 3 
702 1 |a Гриблер  |b П.  |g Пауль  |4 340 
702 1 |a Хенли  |b Э.  |g Эрнест  |4 340 
801 1 |a RU  |b 63413507  |c 20140521 
801 2 |a RU  |b 63413507  |c 20150205  |g RCR 
942 |c BK